000
00329 a2200157 4500
001
62855
020
_a
9788578270575
040
_c
Anchieta - Pituba
100
_a
Quino
240
1
0
_a
10 anos de Mafalda
_l
por
245
1
0
_a
10 anos de Mafalda
300
_a
190
362
0
_a
2010
650
4
_a
Literatura juvenil
942
_c
BK
999
_c
62855
_d
62855